[Event "Norway Chess 1st"]
[Site "Stavanger"]
[Date "2013.05.12"]
[Round "4"]
[White "Topalov, Veselin"]
[Black "Hammer, Jon Ludvig"]
[Result "1/2-1/2"]
[WhiteElo "2793"]
[BlackElo "2608"]
[Annotator "Marin,M"]
[PlyCount "111"]
[EventDate "2013.05.08"]
[EventType "tourn"]
[EventRounds "9"]
[EventCountry "NOR"]
[EventCategory "21"]
[SourceTitle "CBM 155"]
[Source "ChessBase"]
[SourceDate "2013.07.16"]
[SourceVersion "1"]
[SourceVersionDate "2013.07.16"]
[SourceQuality "1"]

1. d4 Nf6 2. c4 g6 3. g3 c6 4. Bg2 d5 5. e3 $5 {Kramnik's recent novelty from
the Candidates Tournament seems to have appealed to one of his historical
rivals...} Bg7 $146 {Of course, any natural fifth move is likely to be a
novelty, since there is no practical material available. Curiously, it was the
current game and not Kramnik's that unchained a real fury in this line: in the
following days and weeks, there were several games at high/top level with it.}
(5... dxc4 6. Ne2 Bg7 7. O-O O-O 8. Na3 Nbd7 9. Nxc4 Nb6 10. b3 $146 (10. Na5 {
1/2 (59) Kramnik,V (2810)-Gelfand,B (2740)/London 2013/CBM 154/[Krasenkow,M]})
10... Re8 11. Ba3 Nxc4 12. bxc4 e5 {White has better control in the centre,
but this does not really bother Grünfeld adherents. Still, as the game
continued, White retained an edge which was only enough to reach a drawn
opposite bishops ending with an extra pawn} 13. d5 cxd5 14. cxd5 Bg4 15. Rb1
Qa5 16. Rb3 e4 17. h3 Bxe2 18. Qxe2 Nxd5 19. Rc1 Rad8 20. Rc5 Qa4 21. Qc4 Qxc4
22. Rxc4 b6 23. Ra4 a5 24. Rxe4 Rxe4 25. Bxe4 Nc3 26. Bc6 b5 27. Bxb5 a4 28.
Rb2 Rb8 29. Bc4 Rxb2 30. Bxb2 Ne2+ 31. Bxe2 Bxb2 {Zoler,D (2533)-Roiz,M (2617)/
Legnica 2013 (1/2, 40)}) (5... Bf5 6. Ne2 Qd7 7. b3 Bh3 8. Bxh3 Qxh3 9. Nf4 Qf5
{This really looks provocative. What about some developing moves?} 10. O-O Nbd7
11. f3 dxc4 {This also looks like a concession.} 12. bxc4 Qa5 13. Qb3 e5 14.
Nd3 O-O-O {White has the centre, is better developed and has the safer king's
position. Still, the whole advantage will vanish in just a couple of moves.}
15. Bd2 $6 {Placing the bishop on a vulnerable square and helping the queen
retreat to a safe square, covering b7.} (15. Na3 $1 {[%cal Ga1b1]}) (15. Nc3 $1
) 15... Qc7 16. Na3 e4 17. Nf2 ({The point is that after} 17. fxe4 Nxe4 {
the bishop is attacked and there is no time for Rxf7.} 18. Be1 Bh6 $132) 17...
exf3 $13 {Rodshtein,M (2638)-Nepomniachtchi,I (2710)/Legnica 2013 (0-1, 22)})
6. Ne2 O-O 7. O-O b6 8. b3 Bb7 ({Slightly later, Topalov had this line again,
but Black deviated:} 8... a5 $146 9. Nf4 Ba6 10. Nd2 e6 11. a4 Nbd7 12. Bb2 Rc8
13. Rc1 Qe7 14. Rc2 Rfd8 15. Qa1 {White hopes to complete his regrouping with
Rfc1 and retain his space advantage, but Black's counterplay strikes at once.}
c5 $1 16. Rfc1 cxd4 17. exd4 Bh6 18. Ba3 Qe8 19. Nxd5 $5 {Otherwise it would
be hard to justify the knight's development on f4, but the complications will
eventually leave Black on top.} Nxd5 (19... exd5 $2 20. Re1 $18) 20. cxd5 Rxc2
21. Rxc2 exd5 22. Bxd5 Nc5 23. Bg2 Bg7 24. Bb2 Nd3 25. Bf1 Qd7 26. Nc4 Nxb2 27.
Qxb2 Bxd4 $15 {Topalov,V (2793)-Kamsky,G (2741)/Thessaloniki 2013 (1/2, 47)})
9. Nbc3 {A common rule of the Catalan opening (with which this position bears
some similarity) says that after ...Bb7 White can safely develop his knight on
c3, since ...Ba6, attacking c4, would imply a loss of time.} Nbd7 10. a4 {
[%cal Ga4a5,Gc1a3] As we know already, a favourite move of Topalov in this
line.} Re8 11. Ba3 e6 12. Rc1 {White is builidng up his pressure gradually and
Black felt like undertaking some concrete action.} Ba6 13. Qc2 Rc8 (13... dxc4
14. Bxc6 Rc8 15. Bg2 {[%cal Gb3b5]} cxb3 16. Qxb3 Bc4 17. Qb2 a6 18. Rfd1 Qc7
19. Nb1 Qb8 20. Nec3 {[%cal Gb1d2]}) 14. Qa2 {Some hidden virtues of a2-a4 are
revealed now: the a2-square is available for the queen.} Bf8 15. Bxf8 Rxf8 16.
Rfd1 Qe7 17. Nf4 {In the absence of the dark-squared bishops, this is a safe
square for the knight.} dxc4 {A typical reaction for a Grünfeld player, but it
does not yield equality.} (17... Rfd8 18. Nd3 Bb7 (18... c5 19. Nb5 $1 $16) 19.
a5 $36) 18. bxc4 e5 19. Nd3 exd4 (19... e4 20. Nf4 $14 {[%cal Ga4a5]}) 20. exd4
Qd6 21. Ne2 (21. a5 $5 bxa5 (21... Qxd4 22. Ne2 Qg4 23. Ndf4 $16 {After
over-defending the e2-knight, White threatens axb6 attacking the bishop, but
also Bh3.}) 22. Na4 $14) 21... Rfe8 22. Nef4 Rcd8 23. h4 {White's position is
very pleasant, but the main psychological problem is that on virtually every
move he has pleasant choices.} (23. a5 $5) 23... c5 24. dxc5 $5 {Spoiling the
structure for the sake of occupying the d5-square and getting chances for a
kingside attack.} Nxc5 25. Nd5 Nxd5 26. Bxd5 Nxd3 27. Rxd3 Qc7 28. Qd2 (28. h5
Bc8 29. Qa1 {[%csl Gf6][%cal Gh5h6]}) 28... Bb7 (28... Bc8 $5 29. h5 Bf5 30.
Re3 gxh5 $14 {looks like a better dfeensive plan.}) 29. h5 Bxd5 30. cxd5 $16 {
White has a strong passed pawn and serious kingside pressure. Since some of
Alekhine's games with just major pieces on board, it is known that Black is in
serious trouble.} Qe5 $6 ({Such a pawn should be blocked.} 30... Qd6 $16) 31.
h6 {Principled, strong, probably winning, but not the only move!} (31. hxg6 $5
hxg6 (31... fxg6 {weakens the king's position even more.}) 32. d6 Kg7 (32...
Rd7 $2 33. Re3 $18) 33. d7 Rh8 (33... Re7 34. Rc8 $18) 34. Re1 Qf5 35. Rd6 $18)
31... Qh5 32. d6 Re2 33. Qf4 Qe5 34. Qf3 Re1+ 35. Rxe1 Qxe1+ 36. Kg2 Qe6 {
So far, Topalov has been making choices that were a pure matter of taste.
Starting with this moment, he will miss some winning lines; this has been one
of his symptoms even in his earlier best years.} 37. Qc6 (37. Qb7 {The threat
Qxa7 is real, since Qe4+ is met with Rf3, attacking f7.} Qd7 38. Qd5 {[%cal
Gd3e3]} Qe6 39. Qxe6 fxe6 40. Kf3 Kf7 41. Ke4 Rc8 42. Rf3+ Ke8 43. Ke5 $18)
37... f6 38. Qc7 Qd7 39. Qc4+ (39. Re3 {leads to a probably winning ending:}
Kf8 40. Re7 Qxc7 41. Rxc7 Rxd6 42. Rxh7 g5 (42... a6 43. Rh8+ Kf7 44. Rb8 $18)
43. Rxa7 Kg8 44. Ra6 Kh7 45. a5 g4 (45... Kxh6 46. Rxb6 Rd5 47. Rxf6+ Kg7 48.
Ra6 $18) 46. axb6 Rd1 47. b7 Rb1 48. Rxf6 Rxb7 49. Rf4 $18) 39... Kf8 40. Rd1
Qb7+ 41. Kg1 Qf7 42. Qb4 Qe6 43. a5 $6 {Just helping Black to get counterplay
with his a-pawn.} (43. d7+ Qe7 44. Rd6 Rxd7 45. Rxf6+ Ke8 (45... Kg8 46. Qc4+
Kh8 47. Rc6 $18) 46. Qf4 Rd1+ 47. Kh2 $40) 43... bxa5 44. Qxa5 Rd7 45. Qc5 Kf7
46. Qc2 a5 $1 $14 {It is hard to avoid the exchange of the passed pawns.} 47.
Rd4 a4 48. Rxa4 Qxd6 49. Ra1 Qe6 50. Ra8 Qd5 51. Ra1 Qe6 52. Rb1 Qf5 53. Qc4+
Qe6 54. Qa4 Qd5 55. Re1 g5 56. Qc2 1/2-1/2

[Event "Moscow Aeroflot op-A"]
[Site "Moscow"]
[Date "2005.02.21"]
[Round "7"]
[White "Kotsur, Pavel"]
[Black "Kempinski, Robert"]
[Result "0-1"]
[WhiteElo "2598"]
[BlackElo "2624"]
[Annotator "Mueller,Karsten"]
[PlyCount "130"]
[EventDate "2005.02.15"]
[EventType "swiss"]
[EventRounds "9"]
[EventCountry "RUS"]
[SourceTitle "CBM 106"]
[Source "ChessBase"]
[SourceDate "2005.06.06"]
[SourceVersion "1"]
[SourceVersionDate "2005.06.06"]
[SourceQuality "1"]

1. d4 Nf6 2. c4 g6 3. g3 Bg7 4. Bg2 d5 5. cxd5 Nxd5 6. Nf3 Nb6 7. O-O Nc6 8.
Nc3 Nxd4 9. Nxd4 Qxd4 10. Nb5 Qc4 11. Qb3 O-O 12. Qxc4 Nxc4 13. Nxc7 Rb8 14.
Nd5 Re8 15. Bf4 Be5 16. Bxe5 Nxe5 17. Rfd1 Bg4 18. f3 Bd7 19. f4 Nc6 20. Rac1
Bg4 21. Kf2 Red8 22. b4 Kf8 23. a3 Rbc8 24. Rc5 b6 25. Rc3 Nb8 26. Rxc8 Rxc8
27. Rd3 Bd7 28. Rc3 Rxc3 29. Nxc3 f6 30. Ke3 e6 31. Kd4 Ke7 32. Kc4 Kd6 33.
Nb5+ Bxb5+ 34. Kxb5 g5 35. e3 h6 36. a4 gxf4 37. gxf4 e5 38. a5 bxa5 39. bxa5
exf4 40. exf4 Ke6 41. Kc5 Na6+ 42. Kc6 Kf5 43. Bf1 Nb4+ 44. Kb5 Nd5 45. Bc4 Ne7
46. Kc5 Kxf4 47. Kd6 Nf5+ 48. Kc7 Ke5 49. Kb8 Kd6 50. Kxa7 Kc7 51. Ka6 Nd4 52.
Bd3 h5 53. h3 h4 54. Bf1 f5 55. Ka7 f4 56. a6 $2 {[%mdl 4096] Now the king can
no longer escape from his prison. White had to retrace his steps. Nun kann der
König seinem Gefängnis nicht mehr entkommen. Weiß musste umkehren:} (56. Ka6
Kc6 (56... f3 57. Bd3 f2 58. Bf1 Nc2 59. Kb5 Kb7 (59... Ne3 60. Bd3 f1=Q 61.
Bxf1 Nxf1 62. Kc5 $11) 60. Kc4 Ne3+ 61. Kd3 Nxf1 62. Ke2 $11) 57. Bd3 Nb3 58.
Bc4 Nc5+ (58... Nd2 59. Bb5+ Kc5 60. Be2 f3 61. Bxf3 Nxf3 62. Kb7 Nd4 63. a6
Nc6 64. a7 Nxa7 65. Kxa7 $11) 59. Ka7 Kc7 60. Be2 Ne4 61. Ka6 Nd2 62. Kb5 f3
63. Bd3 f2 64. Kc5 $11) 56... f3 57. Ka8 Nc6 58. Bc4 Kb6 59. Bf1 f2 60. Be2 Nb4
61. Kb8 (61. a7 $2 Kc7 62. Bc4 f1=Q 63. Bxf1 Nd5 64. Bg2 Nb6#) 61... Nxa6+ 62.
Kc8 Nc5 63. Kd8 Ne4 64. Ke7 Ng3 65. Bd3 {[%cal Gb6e3,Gg3e2]} Kc5 (65... f1=Q $4
66. Bxf1 Nxf1 67. Kf6 Nh2 68. Kg5 Nf3+ 69. Kg4 $11) 0-1

[Event "EU-ch 4th"]
[Site "Istanbul"]
[Date "2003.06.11"]
[Round "11"]
[White "Jobava, Baadur"]
[Black "Vokarev, Sergey"]
[Result "1-0"]
[WhiteElo "2566"]
[BlackElo "2498"]
[Annotator "Postny,E"]
[PlyCount "99"]
[EventDate "2003.05.30"]
[EventType "swiss"]
[EventRounds "13"]
[EventCountry "TUR"]
[SourceTitle "CBM 096"]
[Source "ChessBase"]
[SourceDate "2003.09.25"]
[SourceVersion "1"]
[SourceVersionDate "2003.09.25"]
[SourceQuality "1"]

1. c4 Nf6 2. Nc3 d5 3. cxd5 Nxd5 4. g3 g6 5. Bg2 Nb6 6. Nf3 Bg7 7. O-O Nc6 8.
d4 $5 {Interesting pawn sacrifice. Usual continuation in this position is 8.d3.
} Nxd4 {Black can also refrain from the capture of the pawn and castle, which
will to one of the Grunfeld defense variations.} 9. Nxd4 Qxd4 10. Nb5 ({
Another option is} 10. Qxd4 Bxd4 11. Nb5 Be5 12. Bf4 Bxf4 13. gxf4 O-O 14. Nxc7
Rb8 15. a4 Bd7 16. a5 Nc8 17. Rfd1 Bc6 18. Rac1 Nd6 19. Bxc6 bxc6 20. Rd2 Ne4
21. Rd4 Nd6 22. b4 $14 {1-0 Tregubov,P-Nedev,T/4th IECC, Istanbul TUR 2003 (67)
}) 10... Qxd1 $6 {After this move white gets a position from the variation 10.
Nb5 with extra tempo.} (10... Qc4 11. a4 O-O 12. b3 Qg4 13. Be3 Be6 14. Nxc7
Rad8 15. Qb1 Bxa1 16. Qxa1 Bxb3 17. a5 Nc4 18. Bh6 Qd4 $17 {0-1 Nikolic,
P-Kasparov,G/Wijk aan Zee 2000/CBM 75 (65)}) (10... Qc5 11. a4 {- see the game
Gaprindashvili,V-Kempinski,R/Batumi 2002/CBM 90 [Ftacnik]}) (10... Qe5 11. a4
Nxa4 12. Qxa4 Bd7 $13 {1/2-1/2 Burmakin,V-Wittmann,W/Oberwart 1997/EXT 99 (30)}
) 11. Rxd1 Be5 12. Bf4 Bxf4 13. gxf4 O-O 14. Nxc7 Rb8 15. a4 {White is
definitely better, thanks to the advantage in development.} a5 $6 $146 (15...
Bg4 16. a5 Nc4 17. Rd4 Bxe2 18. Re1 Rfd8 19. Rxd8+ Rxd8 20. Rxe2 Rd1+ 21. Bf1
Nd2 $11 {1/2-1/2 Wojtkiewicz,A-Kriventsov,S/Mt Vernon 1999/EXT 2002 (46)}) 16.
Rd4 {Threatening 17.b4.} Na8 (16... Bg4 17. b4 Bxe2 18. bxa5 Nc8 19. f5 $1 {
[%csl Re2]} gxf5 20. Re1 Ba6 (20... Bh5 21. Nd5) 21. Rb4 Nd6 22. Rxe7 $16) 17.
Rc1 Nxc7 18. Rxc7 b5 (18... Re8 19. b4 e5 20. fxe5 axb4 21. f4 $16) 19. Rxe7
bxa4 20. Rxa4 Rxb2 21. Bd5 $1 (21. Rxa5 $4 Rb1+ 22. Bf1 Bh3 $19) 21... Rb5 22.
Bc4 Rc5 (22... Rb4 23. Rxb4 axb4 24. e3 $16 {[%csl Gc4,Ge7]}) 23. Re5 $1 {
Winning the pawn a5.} Rxe5 24. fxe5 Bh3 25. Rxa5 Rc8 26. Ra4 g5 27. e3 Rb8 ({
Possible is} 27... Kg7) 28. f4 Rb2 29. Bd5 Rd2 30. Rd4 Re2 31. Rd3 g4 $2 {
The decisive mistake.} ({After} 31... gxf4 32. exf4 Be6 {black still could
fight for a draw.}) 32. Ra3 Rd2 33. Be4 h5 34. f5 $18 Rd8 35. f6 {Black's king
is now in the mating net, therefore black's rook is forced to stay on 8th rank.
The black bishop is in offside as well.} h4 36. Kf2 Rd2+ 37. Ke1 Rd8 38. Bf5 {
Black is completely out of moves. White will just bring his king to collect
black's pawns.} Re8 39. Ra4 Kh8 40. Ra7 Rf8 41. e4 Bg2 42. Kf2 Bh3 43. Ke3 Kg8
44. Kf4 Kh8 45. Bxg4 Bxg4 46. Kxg4 Kh7 {Fighting till the very end...} 47. e6
Kg6 48. Rxf7 Rb8 49. e5 Rb4+ 50. Kf3 {[%mdl 4096]} 1-0

[Event "Cappelle op 31st"]
[Site "Cappelle la Grande"]
[Date "2015.02.28"]
[Round "1"]
[White "Laurusas, Tomas"]
[Black "Li, Chao B"]
[Result "1/2-1/2"]
[WhiteElo "2411"]
[BlackElo "2728"]
[Annotator "RR"]
[PlyCount "111"]
[EventDate "2015.02.28"]
[EventType "swiss"]
[EventRounds "9"]
[EventCountry "FRA"]
[SourceTitle "EXT 2016"]
[Source "ChessBase"]
[SourceDate "2015.10.08"]
[SourceVersion "1"]
[SourceVersionDate "2015.10.08"]
[SourceQuality "1"]

1. d4 Nf6 {Le Chinois était le favori du tournoi mais en général, le 01er
ELO a souvent du mal dans cet open de Cappelle} 2. c4 g6 3. Nc3 d5 4. cxd5 Nxd5
5. g3 Bg7 6. Bg2 Nb6 7. Nf3 c5 (7... Nc6 8. e3 O-O 9. O-O Re8 10. a3 a5 11. Ne1
Be6 12. Nd3 Bc4 13. Nc5 Bxf1 14. Qxf1 Qb8 15. Qb5 e5 16. Nxb7 exd4 17. Ne2 Na7
18. Qd3 dxe3 19. Bxe3 Bxb2 20. Rb1 Bg7 21. Nf4 Qc8 22. Bxb6 cxb6 23. Nd6 Qc3
24. Qxc3 Bxc3 25. Nxe8 Rxe8 26. Rxb6 Bd4 27. Ra6 Nb5 28. Rxa5 Nc3 29. Bf1 Rb8
30. Ne2 Bb6 31. Re5 Nd1 32. Kg2 Bxf2 33. a4 Ba7 34. Rb5 Rd8 35. Rb7 Bc5 36. Rb5
Ba7 37. Rb7 {Topalov,V (2800)-Wei,Y (2675) Caleta 2015 1/2-1/2}) 8. Be3 cxd4 9.
Bxd4 O-O 10. O-O Nc6 $11 11. Bxg7 Kxg7 12. Qxd8 $146 {Les Blancs espèrent
annuler cette finale avec cette sutructure symétrique} (12. Qc1 e5 13. a4 Na5
14. Rb1 Bf5 15. e4 Nb3 16. Qe1 Be6 17. Rd1 Qf6 18. Qe3 Bg4 19. Nd5 {1/2-1/2 
(19) Tkachiev,V (2649)-Grover,S (2487) Port Elizabeth 2013}) 12... Rxd8 13.
Rfd1 Bf5 14. Kf1 (14. e4 Bg4 {[%cal Gg4d1]}) 14... Nc4 15. b3 Na3 16. Rac1
Rxd1+ 17. Nxd1 Rd8 18. Ne1 Rd2 $132 19. Nc3 a5 20. Bxc6 bxc6 21. Nf3 Rd6 22.
Rd1 Nc2 23. Rxd6 exd6 {Les Noirs ont modifié la structure pour tenter de
déséquilibrer la position et tenter d'éviter la nulle mais avec 3 ilots de
P contre 2, ils prennent des risques} 24. e4 $1 {Meilleur maintenant qu'au
14ème coup} Bc8 25. Ke2 Kf6 26. Kd2 Nb4 27. Nd4 Bb7 28. Ke3 Ke7 29. h4 c5 30.
Ndb5 f5 31. f3 fxe4 32. fxe4 Ke6 33. Na3 Ba6 34. Nc4 Bxc4 35. bxc4 h6 36. a4 g5
37. hxg5 hxg5 38. Nb1 Nc6 39. Kd3 Kf6 40. Nd2 Ne5+ 41. Kc3 Nd7 42. Nb3 Nb6 {
Liquide les P de la colonne "a" et le Top GMI va avoir du mal à éviter la
nulle} 43. Nxa5 Nxa4+ 44. Kb3 Nb6 45. Nc6 Nd7 46. Kc3 Kg6 47. Ne7+ Kh5 48. Nf5
Kg4 49. Nxd6 Kxg3 50. e5 $1 Nxe5 51. Ne4+ Kf4 52. Nxc5 Ke3 53. Ne6 g4 54. Ng7
Kf3 55. c5 Ng6 56. Nh5 1/2-1/2

[Event "IND-CHN Summit"]
[Site "Hyderabad"]
[Date "2015.03.09"]
[Round "7.4"]
[White "Ding, Liren"]
[Black "Sethuraman, SP."]
[Result "0-1"]
[WhiteElo "2755"]
[BlackElo "2623"]
[Annotator "Ramirez Alvarez,A"]
[PlyCount "46"]
[EventDate "2015.03.02"]
[EventType "schev"]
[EventRounds "8"]
[EventCountry "IND"]
[SourceTitle "CBM 166"]
[Source "ChessBase"]
[SourceDate "2015.05.11"]
[SourceVersion "1"]
[SourceVersionDate "2015.05.11"]
[SourceQuality "1"]

1. d4 Nf6 2. c4 g6 3. g3 c6 4. Bg2 d5 {The c6 line agains the fianchetto
Grunfeld, is, as we have seen, a very solid way of dealing with White's
attempts for and advantage. However, just because it is normally a solid line
does not mean it always stays that way.} 5. e3 $5 {Not completely new, and
maybe a trend? Kramnik used it recently and now Ding Liren is giving it a try.}
dxc4 6. Ne2 Nbd7 (6... Bg7 7. O-O Nbd7 (7... O-O 8. Na3 Nbd7 9. Nxc4 {
eventually led to a draw in Kramnik-Gelfand, but the Russian already held a
small edge here with his powerfully placed knight on c4 and open bishop on g2.}
) 8. Na3 Nb6 9. Qc2 {was Potkin-Timman from Wijk aan Zee 2015.}) 7. O-O Bg7 8.
Qc2 {a new attempt, instead of recovering the pawn as quickly as possible Ding
Liren tries to establish a strong pawn center.} Nb6 9. e4 e5 $5 {Breaking the
position and creating a complex structure.} 10. dxe5 Ng4 (10... Qd3 $2 11. exf6
$3 {Would have led to a beautiful white victory.} Qxc2 12. fxg7 Rg8 13. Nbc3
$18 {and now Black has real problems: the threat is Nd4 and Rd1, trapping the
queen, while there doesn't seem any good way of helping it. Also a threat is
Rd1-Rd2!}) 11. Rd1 Qe7 12. f4 {Risky but the only way to fight for an
advantage.} (12. Nbc3 Nxe5 {simply leaves Black up a pawn.}) 12... f6 (12...
Qc5+ 13. Nd4 {is not that dangerous yet.}) 13. exf6 Bxf6 14. e5 Bf5 15. Qc3 (
15. exf6 Qc5+ {is a big problem; White cannot take on f6 yet.}) 15... Qc5+ 16.
Nd4 Be7 {Only sixteen moves of chess, but already a position that is
incredibly complicated. White has the structural advantage with a powerful
passed pawn on e5, but Black's pieces are fully mobilized, more than White can
say for his own, and the monarch on g1 feels uncomfortable with that pin down
g1-a7. White has to be very precise to not be worse, but if he survives he
would be strategically much better.} 17. Na3 $2 (17. b3 $1 {Forced and
sufficient. The move is dual purpose: The first it adds pressure on to c4,
which is very important, second it liberates both a3 and b2 for the
dark-squared bishop.} cxb3 $1 (17... O-O-O 18. Ba3 $1 Rxd4 19. Qxd4 $1 Qxd4+
20. Rxd4 {an Black does not have enough for his lost material.}) 18. axb3 $1
O-O-O 19. Ba3 Qxc3 20. Nxc3 Bxa3 21. Rxa3 {White is structurally better, but
Black has the following resource:} Ne3 22. Rd2 Nc2 $1 23. Rxc2 Rxd4 24. Re2 a6
$11 {and Black's activity and blockade on the lightsquares should give him
acceptable chances against White's pawn structure.}) 17... O-O-O {White is now
not on time to defend his diagonal.} 18. h3 Bd3 {Of course! Blac kdoesn't
bother moving back the knight.} 19. hxg4 Na4 {This is the real key: White
cannot lose control of d4, but where does his queen go?} 20. Qe1 (20. Rxd3 Nxc3
21. Rxc3 Qxd4+ 22. Be3 Qd7 {is clearly insufficient.}) 20... Qxd4+ 21. Be3 (21.
Kh2 Bxa3 {is a horrible pin.}) 21... Qxb2 {alas, and unexpectedly, it is the
knight on a3 that costs White the game. It is trapped, and with its loss White
has no chance of surviving.} 22. Qa5 Qxa3 23. Bxc6 {some clever last minute
counterplay, but Black has many ways of countering it.} Bc5 (23... bxc6 24.
Qa6+ Kd7 {also worked, actually.}) 0-1